A To Z Of Success:A Companion For Youth/ (Record no. 158943)
[ view plain ]
| 000 -LEADER | |
|---|---|
| fixed length control field | 00794nam a22002177a 4500 |
| 005 - DATE AND TIME OF LATEST TRANSACTION | |
| control field | 20181122123658.0 |
| 010 ## - LCCN (DPL NO) | |
| LC control number | B-226814 |
| 020 ## - INTERNATIONAL STANDARD BOOK NUMBER | |
| International Standard Book Number | 8188322865 |
| Terms of availability | 300.00 |
| 035 ## - SYSTEM CONTROL NUMBER | |
| System control number | B-226814 |
| 037 ## - SOURCE OF ACQUISITION | |
| Stock number | DBAD Books |
| Source of stock number/acquisition | Ocean Books PVT LIM |
| 082 ## - DEWEY DECIMAL CLASSIFICATION NUMBER | |
| Classification number | 158.1 |
| Item number | 1 |
| 100 ## - MAIN ENTRY--PERSONAL NAME | |
| Personal name | Rajan Y.S |
| 245 ## - TITLE STATEMENT | |
| Title | A To Z Of Success:A Companion For Youth/ |
| Remainder of title | A Companion For Youth/ |
| Statement of responsibility, etc | Rajan Y.S |
| Medium | English |
| 246 ## - VARYING FORM OF TITLE | |
| Title proper/short title | A To Z ऑफ़ सक्सेस :अ कम्पैनियन फॉर यूथ |
| Remainder of title | अ कम्पैनियन फॉर यूथ |
| 250 ## - EDITION STATEMENT | |
| Edition statement | 2006 |
| 260 ## - PUBLICATION, DISTRIBUTION, ETC. (IMPRINT) | |
| Place of publication, distribution, etc | New Delhi |
| Name of publisher, distributor, etc | Ocean Books PVT LImited |
| Date of publication, distribution, etc | 2006 |
| 270 ## - ADDRESS | |
| Address | 4/19,Asaf Ali Road New Delhi,110002 |
| 300 ## - PHYSICAL DESCRIPTION | |
| Extent | 300p; |
| Dimensions | 21 C.M HB |
| 700 ## - ADDED ENTRY--PERSONAL NAME | |
| Personal name | Rajan Y.S |
| 942 ## - ADDED ENTRY ELEMENTS (KOHA) | |
| Source of classification or shelving scheme | Dewey Decimal Classification |
| Item type | English Books |
| Edition | 2006 |
| Classification part | 158.1 |
| Call number prefix | Raj |
| Call number suffix | Rajan Y.S |
| Withdrawn status | Lost status | Not for loan | Home library | Current library | Date acquired | Source of acquisition | Cost, normal purchase price | Full call number | Barcode | Copy number | Cost, replacement price | Koha item type |
|---|---|---|---|---|---|---|---|---|---|---|---|---|
| Qila Rai Pithora | Qila Rai Pithora | 22/11/2018 | Ocean Books PVT Limited | 300.00 | 158.1 Rajan Y.S | B-226814 | 1 | 300.00 | English Books |
